00313nam a2200109 4500020001500000082001200015100001900027245003000046260001900076300000700095650010100102 a0198557736 a546 FEN aFenton David.E aBiocoordination Chemistry aLondonbOxford a91 aCoordination compounds Physiological effectaMetals- Physiological effectaBioiorganic chemistry